Culture Générale - Série 1603 - Statistiques

Statistiques générales
  • Ce quiz a été pris 192 fois
  • Le résultat moyen est 7 sur 10
Statistiques - réponses
Question Réponse % Correct
Quel produit alimentaire se compose essentiellement d'un mélange de pâte de cacao et de sucre, brassé avant d'être moulé en tablettes ? chocolat
95%
Entre 1027 et 1825, dans quelle ville de Champagne furent sacrés vingt-neuf rois de France ? Reims
93%
Quel mot, dérivé de "vigne", est synonyme de "viticulteur" ? vigneron
79%
À quel pays appartiennent les îles Féroé ? Danemark
76%
La pratique qui consiste à empailler les animaux est appelée empaillage ou ... naturalisation taxidermie
70%
Dans un télégramme, quel mot emploie-t-on pour séparer nettement les phrases ? stop
67%
Complétez le titre d'un film de François Truffaut avec Jeanne Moreau : "La Mariée était... en noir
66%
D'après le titre du tube des Beatles, qui est "In the Sky With Diamonds" ? Lucy
57%
Quel est le nom actuel de Stalingrad ? Volgograd
37%
Quel peintre français, auteur du "Repas du lion" en 1907, est l'un des artistes emblématiques de l'art naïf ? Douanier Rousseau
26%
Aucun quiz correspondant
Distribution des résultats
% des personnes avec chaque résultat
Percentile par nombre de réponses
Votre historique - résultats
Vous n’avez pas pris ce quiz